| 000 | 01153pam a2200349 a 4500 | ||
|---|---|---|---|
| 001 | 2788790 | ||
| 003 | OSt | ||
| 005 | 20140310182721.0 | ||
| 008 | 811211s1982 nyua 001 0 eng | ||
| 010 | _a 81021477 | ||
| 020 |
_a0312109946 _c$19.95 |
||
| 040 |
_aDLC _cDLC _dDLC |
||
| 050 | 0 | 0 |
_aHF 5726 _b.B912 1982 |
| 082 | 0 | 0 |
_aM 651.7 _22nd ed. _bB83 1982 |
| 100 | 1 | _aBrusaw, Charles T. | |
| 245 | 1 | 4 |
_aThe business writer's handbook / _cBrusaw, Charles T.; Alred, Gerald J.; Oliu, Walter E. |
| 250 | _a2nd ed. | ||
| 260 |
_aNew York, N.Y. : _bSt. Martin's Press, Inc., _cc1982. |
||
| 300 |
_axxxix, 654 p. _bill. ; _c21 cm. |
||
| 500 | _aIncludes index. | ||
| 500 |
_aIssues for 2006- cataloged as a serial in LC. _5DLC |
||
| 521 | _aCollege Students | ||
| 526 | _c1210L-1700L | ||
| 541 | _j1 | ||
| 562 | _eFor circulation. 1 copy available in the collection | ||
| 650 | 0 |
_aCommercial correspondence _xHandbooks, manuals, etc. |
|
| 700 | 1 | _aAlred, Gerald J. | |
| 700 | 1 | _aOliu, Walter E. | |
| 906 |
_a7 _bcbc _corignew _d1 _eocip _f19 _gy-gencatlg |
||
| 942 |
_2lcc _cBK _kM |
||
| 999 |
_c15338 _d15338 |
||